000 00760nam a2200205Ia 4500
003 SEM
005 20250416104140.0
008 141116s1983 ai ||||gr||||||01|||arm|d
040 _aSEM
_cSEM
041 _aarm
080 _aԽաչ-221
100 _aՀարությունյան, Լևոն Վռամի
245 _aՔո շրջապատի ծառերը :
_bԳիտահանրամատչելի ակնարկ /
_cԼ. Հարությունյան ; Խմբ.՝ Մ. Բերբերյան
260 _aԵրևան :
_bՍովետական գրող հրատ.,
_c1983.
300 _a223 էջ ;
_bգունանկ. ;
_c17 սմ
650 _aԷկոլոգիա
_xԱնտառտնտեսություն
653 _aՍԷՄ
700 _aԲերբերյան, Մ.
_eխմբ.
_4edt.
942 _2udc
_cBK
999 _c44872
_d44872